LEADER 01418nlm0 22003131i 450 001 UON00504118 005 20250702095140.701 100 $a20201223d2020 |0itac50 ba 101 $aita 102 $aDE 105 $a|||| ||||| 181 $af$b e 182 $ab 200 1 $aComposizione italiana in diacronia$ele parole composte dell'italiano nel quadro della Morfologia delle Costruzioni$fM. Silvia Micheli 210 $aBerlin$aBoston$cDe Gruyter$d2020 215 $a1 risorsa online (xiii, 317 p.$d24 cm.) 410 1$1001UON00088136$12001 $aBeihefte zur Zeitschrift fur Romanische Philologie$fHerausgegeben von Kurt Baldinger$v442 606 $aLingua italiana$xStudi lessicali$3UONC033260$2FI 620 $aDE$dBerlin$3UONL003157 676 $a455$cGrammatica della lingua italiana$v21 700 1$aMicheli$bMaria Silvia$3UONV284354$00 712 $aDe Gruyter$3UONV248587$4650 801 $aIT$bSOL$c20250704$gRICA 856 4 $uhttps://doi.org/10.1515/9783110652161$zAccesso per utenti con proxy server attivo 856 4 $uhttps://doi.org/10.1515/9783110652161$zAccesso per utenti con proxy server attivo 912 $aUON00504118 951 $aSIBA - SISTEMA BIBLIOTECARIO DI ATENEO$bSI2020508 1J 20201223 996 $aComposizione italiana in diacronia$91764932 997 $aUNIOR